000 00345 a2200145 4500
001 157220
040 _cEscola São Tomás de Aquino
100 _aLopes, Teresa
240 1 0 _aHistórias que acabam aqui
_lpor
245 1 0 _aHistórias que acabam aqui
300 _a31
362 0 _a2005
697 _a*LITERATURA INFANTO JUVENIL
942 _cBK
999 _c157220
_d157220